000 00560nam a2200181Ia 4500
003 GCL
008 140319s9999 xx 000 0 ara d
040 _aGCL /
_cGCL
082 0 4 _a621.38
_bم م
100 1 _aفاروق محمد العامرى
245 1 0 _aالموسوعة الالكترونية /
_cفاروق محمد العامرى
260 _a[S.N] :
_bدار الكتاب المصرى ،
_c1985
300 _aمتعدد
490 _a
650 0 4 _aالهندسة الالكترونية
650 0 4 _aالالكترونيات
942 _2ddc
_cBK
999 _c36722
_d36722